| 000 | 00961nam a2200325Ia 4500 | ||
|---|---|---|---|
| 003 | OSt | ||
| 005 | 20220912150237.0 | ||
| 006 | a|||||r|||| 00| 0 | ||
| 007 | ta | ||
| 008 | 220909b |||||||| |||| 00| 0 eng d | ||
| 020 | _a997151141X (pbk) | ||
| 024 | _a13458 | ||
| 037 | _b120, 08/02/2005, Dhanraj Book House | ||
| 037 | _cTextual | ||
| 040 |
_aCSL _beng _cCSL |
||
| 041 | _aeng | ||
| 082 | _aF9A, M4;8 TE | ||
| 100 | _aBillmeyer Fred W | ||
| 245 | 0 | _aTextbook of polymer science | |
| 250 | _a3 | ||
| 260 |
_aSingapore _b John Wiley & Sons, Inc _c1984 |
||
| 300 |
_axviii,578p. _ccm. |
||
| 500 |
_aIncludes bibliographical references; Appendix 1-3, 522-539p. _ccm.; Indexes 541-578p. _ccm. |
||
| 650 | _a Polymer | ||
| 650 | _a Polymer Science | ||
| 650 | _a Polymerization | ||
| 650 | _aChemistry | ||
| 942 |
_hF9A, M4;8 TE _cTEXL _2CC |
||
| 999 |
_c42822 _d42822 |
||